|
|
|
|
| LEADER |
00000nam0a2200000 4500 |
| 001 |
361394 |
| 005 |
20231102011402.0 |
| 035 |
|
|
|a (RuTPU)RU\TPU\retro\18720
|
| 090 |
|
|
|a 361394
|
| 100 |
|
|
|a 20210604d1980 m y0rusy50 ca
|
| 101 |
0 |
|
|a rus
|
| 102 |
|
|
|a RU
|
| 105 |
|
|
|a a j 001zy
|
| 200 |
1 |
|
|a Проектирование, монтаж и эксплуатация систем автоматизации на предприятиях стройиндустрии
|e учебное пособие для вузов
|f Р. Г. Барский, Ю. В. Иванов
|
| 210 |
|
|
|a Ленинград
|c Стройиздат
|d 1980
|
| 215 |
|
|
|a 280 с.
|c ил.
|
| 320 |
|
|
|a Библиогр.: с. 275-276
|
| 606 |
1 |
|
|a Автоматика в строительстве
|2 stltpush
|3 (RuTPU)RU\TPU\subj\756
|9 29567
|
| 610 |
1 |
|
|a системы автоматизации
|
| 610 |
1 |
|
|a проектирование
|
| 610 |
1 |
|
|a монтаж
|
| 610 |
1 |
|
|a учебные пособия
|
| 610 |
1 |
|
|a системы контроля
|
| 610 |
1 |
|
|a надежность
|
| 610 |
1 |
|
|a аппаратура автоматизации
|
| 610 |
1 |
|
|a наладка
|
| 610 |
1 |
|
|a эксплуатация
|
| 675 |
|
|
|a 69-5(075.8)
|v 4
|
| 700 |
|
1 |
|a Барский
|b Р. Г.
|g Родион Георгиевич
|
| 701 |
|
1 |
|a Иванов
|b Ю. В.
|g Юрий Васильевич
|
| 801 |
|
1 |
|a RU
|b 63413507
|c 20210604
|
| 801 |
|
2 |
|a RU
|b 63413507
|c 20210604
|g RCR
|
| 942 |
|
|
|c BK
|